| 000 | 00735nam a22002657a 4500 | ||
|---|---|---|---|
| 003 | CHAP | ||
| 005 | 20220329141551.0 | ||
| 008 | 971013s1984 r 00010 d | ||
| 010 | _a70260 | ||
| 011 | _a71232 | ||
| 035 | _a80786 | ||
| 040 | _cCHAP | ||
| 082 |
_a641.1 _bB34Y |
||
| 100 | 0 | 0 |
_aBaker, Elizabeth. _99537 |
| 245 | _aAlimentos naturales crudos | ||
| 260 |
_aMéxico, D. F. : _bPosada, _c1984 |
||
| 300 |
_a250 p. _b: ilus |
||
| 590 |
_aBATCH-UPD _b10 _c20130110 _lUCH01 _h0424 |
||
| 590 |
_aCONVERSION _b10 _c20130109 _lUCH01 _h1339 |
||
| 650 | 1 | 4 |
_aAlimentos _xValor nutritivo. _94298 |
| 700 | 0 |
_aBaker, Elton. _99538 |
|
| 901 | _aBK | ||
| 942 | _cLIBRO | ||
| 949 |
_a641.1 B34Y _bBC _cLIBRO _d-33763 _eLIBRO _h68905 _i80786 _si |
||
| 999 |
_c70260 _d70260 |
||